<?xml version="1.0" encoding="UTF-8"?>
<record
    xmlns:xsi="http://www.w3.org/2001/XMLSchema-instance"
    xsi:schemaLocation="http://www.loc.gov/MARC21/slim http://www.loc.gov/standards/marcxml/schema/MARC21slim.xsd"
    xmlns="http://www.loc.gov/MARC21/slim">

  <leader>01888nam a22004337i 4500</leader>
  <datafield tag="999" ind1=" " ind2=" ">
    <subfield code="c">23408</subfield>
    <subfield code="d">23408</subfield>
  </datafield>
  <controlfield tag="003">AR-CdUCM</controlfield>
  <controlfield tag="008">251128b20242024pe ||||| |||| 00| 0 pe  d</controlfield>
  <datafield tag="020" ind1=" " ind2=" ">
    <subfield code="a">978-612-4121-64-7</subfield>
  </datafield>
  <datafield tag="040" ind1=" " ind2=" ">
    <subfield code="a">MUNICIPALIDAD PROVINCIAL DEL CUSCO</subfield>
    <subfield code="c">BIBLIOTECA MUNICIPAL DEL CUSCO</subfield>
  </datafield>
  <datafield tag="082" ind1=" " ind2=" ">
    <subfield code="a">Bol.IA / </subfield>
    <subfield code="b"> N&#xB0; 23</subfield>
  </datafield>
  <datafield tag="100" ind1=" " ind2=" ">
    <subfield code="a">Nieto Degregori, Luis.</subfield>
  </datafield>
  <datafield tag="110" ind1=" " ind2=" ">
    <subfield code="a">Centro Bartolom&#xE9; de las Casas</subfield>
    <subfield code="9">51923</subfield>
  </datafield>
  <datafield tag="245" ind1=" " ind2=" ">
    <subfield code="a">Sur Bolet&#xED;n Informativo Agrario (1978-1989) :</subfield>
    <subfield code="b">Organizaci&#xF3;n y Lucha Campesina en el Sur Andino /</subfield>
  </datafield>
  <datafield tag="260" ind1=" " ind2=" ">
    <subfield code="a">Cusco</subfield>
    <subfield code="b">Centro Bartolom&#xE9; de las Casas.</subfield>
    <subfield code="c">2024</subfield>
  </datafield>
  <datafield tag="300" ind1=" " ind2=" ">
    <subfield code="a"> 309 P&#xE1;ginas. :</subfield>
    <subfield code="c">24 x 18 cm.</subfield>
  </datafield>
  <datafield tag="505" ind1=" " ind2=" ">
    <subfield code="a">Cap&#xED;tulo I: Editoriales -- Cap&#xED;tulo II: Art&#xED;culos -- Cap&#xED;tulo III: Testimonios -- Colof&#xF3;n....</subfield>
  </datafield>
  <datafield tag="650" ind1=" " ind2=" ">
    <subfield code="a">Confederacion Campesina del Per&#xFA;</subfield>
    <subfield code="9">51624</subfield>
  </datafield>
  <datafield tag="650" ind1=" " ind2=" ">
    <subfield code="a">En defensa de las comunidades</subfield>
    <subfield code="9">51625</subfield>
  </datafield>
  <datafield tag="650" ind1=" " ind2=" ">
    <subfield code="a">Lucha popular</subfield>
    <subfield code="9">51626</subfield>
  </datafield>
  <datafield tag="650" ind1=" " ind2=" ">
    <subfield code="a">La corrupci&#xF3;n y arbitrariedad</subfield>
    <subfield code="9">51627</subfield>
  </datafield>
  <datafield tag="650" ind1=" " ind2=" ">
    <subfield code="a">Pol&#xED;tica sectorial del gobierno</subfield>
    <subfield code="9">51628</subfield>
  </datafield>
  <datafield tag="650" ind1=" " ind2=" ">
    <subfield code="a">Uchuraccay ante Sendero Luminoso </subfield>
    <subfield code="9">51629</subfield>
  </datafield>
  <datafield tag="650" ind1=" " ind2=" ">
    <subfield code="a">Movilizaci&#xF3;n campesina</subfield>
    <subfield code="9">51630</subfield>
  </datafield>
  <datafield tag="650" ind1=" " ind2=" ">
    <subfield code="a">Ley de comunidades campesinas </subfield>
    <subfield code="9">51631</subfield>
  </datafield>
  <datafield tag="650" ind1=" " ind2=" ">
    <subfield code="a">La lucha por la tierra contin&#xFA;an </subfield>
    <subfield code="9">51632</subfield>
  </datafield>
  <datafield tag="650" ind1=" " ind2=" ">
    <subfield code="a">Entretelones de la liquidaci&#xF3;n de una empresa </subfield>
    <subfield code="9">51633</subfield>
  </datafield>
  <datafield tag="650" ind1=" " ind2=" ">
    <subfield code="a">Econom&#xED;a campesina y reestructuraci&#xF3;n </subfield>
    <subfield code="9">51634</subfield>
  </datafield>
  <datafield tag="650" ind1=" " ind2=" ">
    <subfield code="a">El tiempo de la hacienda no volver&#xE1;</subfield>
    <subfield code="9">51635</subfield>
  </datafield>
  <datafield tag="650" ind1=" " ind2=" ">
    <subfield code="a">El aeropuerto internacional  y del problema de la tierra </subfield>
    <subfield code="9">51636</subfield>
  </datafield>
  <datafield tag="650" ind1=" " ind2=" ">
    <subfield code="a">Clases sociales y violencia en los Andes</subfield>
    <subfield code="9">51637</subfield>
  </datafield>
  <datafield tag="650" ind1=" " ind2=" ">
    <subfield code="a">Problem&#xE1;tica de las comunidades nativas</subfield>
    <subfield code="9">51638</subfield>
  </datafield>
  <datafield tag="650" ind1=" " ind2=" ">
    <subfield code="a">Campesinos en el Per&#xFA; contempor&#xE1;neo</subfield>
    <subfield code="9">51639</subfield>
  </datafield>
  <datafield tag="650" ind1=" " ind2=" ">
    <subfield code="a">La civilizaci&#xF3;n a trav&#xE9;s de la barbarie</subfield>
    <subfield code="9">51640</subfield>
  </datafield>
  <datafield tag="650" ind1=" " ind2=" ">
    <subfield code="a">"Desde el dolor  y la esperanza"</subfield>
    <subfield code="9">51641</subfield>
  </datafield>
  <datafield tag="856" ind1=" " ind2=" ">
    <subfield code="f">www.cbc.org.pe</subfield>
  </datafield>
  <datafield tag="942" ind1=" " ind2=" ">
    <subfield code="2">ddc</subfield>
    <subfield code="c">LIBROS</subfield>
  </datafield>
  <datafield tag="945" ind1=" " ind2=" ">
    <subfield code="a">jmcs</subfield>
    <subfield code="d">27/11/2025</subfield>
  </datafield>
</record>
